000 01051nam a2200265Ia 4500
003 OSt
005 20221005105105.0
006 a|||||r|||| 00| 0
007 ta
008 221004b |||||||| |||| 00| 0 hin d
020 _a9789380172613 (pbk)
_cINR 80.00
024 _a37946
037 _b1513, 21/02/2018, Bookwell
_cTextual
040 _aCRL
_cCRL
_bhin
041 _2hin
_ahin
082 _aW, 152Q3
100 _aगौतम, बलवान, संपा.
245 0 _aराजनीतिक सिद्धांत
_b अवधारणाएं और विमर्श
246 _aRājanītik siddhāanta: avadhāraṇāean aur vimarsha
260 _aदिल्ली
_bहिंदी माध्यम कार्यान्वय निदेशालय भारत
_c2013
300 _a129पृ0
_ccm.
650 _aभारतीय राजनीति
942 _hW, 152Q3
_cTEXL
_2cc
999 _c1014723
_d1014723